000 00491nam a22001937a 4500
003 MPLRDC
005 20220104162505.0
008 210129b ||||| |||| 00| 0 eng d
020 _a988-98794-2-5
082 _a857.7 LBH
100 _a李伯衡
245 _a我在蓝色的街留下灰色的影
_c
250 _a一版一刷
260 _a香港
_b知出版有限公司
_c2006
300 _b
490 _a沙。LOVE系列. 2
650 _a长篇小说
942 _cBK
_o857.7 LBH
999 _c55993
_d55983